E-kasa v nadväznosti na účtovanie – v otázkach a odpovediach

Odpovede na najčastejšie otázky spojené s e-kasou v praxi. Spôsob evidencie tržieb v hotovosti oproti „klasickej“ elektronickej registračnej pokladnici a spôsob účtovania tržieb v nadväznosti na zákon o účtovníctve a postupov účtovania v jednoduchom i podvojnom účtovníctve. Riešenie aj špecifických...

Descrizione completa

Salvato in:
Dettagli Bibliografici
Autore principale: Boráková, Marta
Natura: Capitolo di libro
Lingua:slovacco
Soggetti:
Tags: Aggiungi Tag
Nessun Tag, puoi essere il primo ad aggiungerne!!

MARC

LEADER 00000naa a2200000 4500
001 0273204
005 20210426202806.1
041 0 |a slo 
044 |a SK 
245 1 0 |a E-kasa v nadväznosti na účtovanie – v otázkach a odpovediach  |c Marta Boráková 
520 |a Odpovede na najčastejšie otázky spojené s e-kasou v praxi. Spôsob evidencie tržieb v hotovosti oproti „klasickej“ elektronickej registračnej pokladnici a spôsob účtovania tržieb v nadväznosti na zákon o účtovníctve a postupov účtovania v jednoduchom i podvojnom účtovníctve. Riešenie aj špecifických situácií. 
610 2 0 |a pokladnice registračné elektronické 
610 2 0 |a účtovanie 
610 2 0 |a účtovníctvo jednoduché 
610 2 0 |a účtovníctvo podvojné 
610 2 0 |a evidencia účtovná 
610 2 0 |a postupy účtovné 
610 2 0 |a podnikatelia 
610 2 0 |a teória a prax 
100 1 |a Boráková, Marta